Famous Democrats - Picture Quiz - Statistics

General Stats
  • This quiz has been taken 252 times
  • The average score is 9 of 12
Answer Stats
Picture Answer % Correct
Hillary Clinton
98%
Bill Clinton
96%
Joe Biden
95%
Jimmy Carter
93%
Robert Kennedy
89%
Nancy Pelosi
87%
Franklin D. Roosevelt
82%
Andrew Jackson
76%
Ted Kennedy
59%
Jesse Jackson
51%
Janet Reno
28%
Jerry Springer
25%
No matching quizzes found
Score Distribution
Percent of People with Each Score
Percentile by Number Answered
Your Score History
You have not taken this quiz